| 000 | 01092nam1a22002651 4500 | ||
|---|---|---|---|
| 001 | rc\2983192 | ||
| 005 | 20110913154530.0 | ||
| 035 | _a(NLR Aleph) 007128251 | ||
| 090 |
_a6932797 _c6932797 |
||
| 100 | _a20110913g19431945|||y0rusy50 ca | ||
| 101 | 0 |
_aeng _arus |
|
| 102 | _aRU | ||
| 105 | _ay j ||||| | ||
| 200 | 1 |
_aУчебник английского языка _eДля заоч. обучения плавсостава мор. флота. Вып. 1- _fНар. ком. мор. флота СССР, Центр. упр. учеб. заведений |
|
| 210 |
_aМосква _cМор. транспорт _d1943-1945 |
||
| 215 | _d20 см | ||
| 300 | _aНа обл. авторы не указаны | ||
| 700 | 1 |
_aНоткина _bГ. И. _gГерта Игнатьевна |
|
| 701 | 1 |
_aПонтович _bС. |
|
| 712 | 0 | 1 |
_aСССР _bНародный комиссариат морского флота _bУправление учебными заведениями _4570 |
| 801 | 0 |
_aRU _bNLR _gpsbo |
|
| 801 | 1 |
_aRU _bELAR _2rusmarc |
|
| 852 |
_aNLR _jЯ60 Г-4/46 |
||
| 942 | _cBOOK | ||
| 980 | _aNB | ||